Zlato se čistí v ohni. - Praha
| Titel: | Zlato se čistí v ohni. - Praha : Návrat Domů. - 2008 [Rezension] |
|---|---|
| Verfasser: | |
| In: |
Jižní Morava, Band 44, Heft 27 (2008), Seite 260-262 alle Artikel anzeigen |
| Veröffentlicht: | 2008 |
| Format: | Aufsatz |
| Sprache: | Tschechisch |
X
alg: 39523821 001A $01999:12-11-16 001B $01999:23-03-23 $t08:34:27.000 001D $01999:12-11-16 001U $0utf8 001X $00 002@ $0Aox 003@ $0395238218 007A $0395238218 $aHEB 007T $0Herdp28995 010@ $acze 011@ $a2008 021A $aZlato se čistí v ohni. - Praha $dNávrat Domů. - 2008 [Rezension] 028A $aBřečka $dJan 031A $d44 $e27 $h260-262 $j2008 039B $aIn $8--Abvc--. Jižní Morava. - Mikulov : Státní okresní archiv Břeclav se sídlem v Mikulově, 1966-. - ISSN 0449-0436 $x200800000440027740 $9048246115 039T $8--Aau--. Zlato se čistí v ohni. - 1. vyd.. - Praha : Návrat Domů, 2008. - 146 S.. - Ill.. - ISBN 978-80-7255-176-7 $9265648858 045F $a900.94371 $eDDC23BSB 045F/01 $a900 045F/03 $g4371 045T $aOST $qDE-12 $2FID lok: 39523821 78 exp: 39523821 78 1 #EPN 201B/01 $026-11-17 $t04:23:11.000 201U/01 $0utf8 203@/01 $0791575659 208@/01 $a12-11-16 $be 209A/01 $a/ $f000 $x00 220C/01 $aHerkunft: Hú Av Čr Praha00 244Z/01 $#Tschechien $#Tschechische Republik $#Tschechische Republik $#Tschechenland $#Tschechei Tschechien $#Česká Republika $#Czech Republic $#ČR $74303381-7 $8--Tg1--Tschechien $x01 $9086659812 244Z/01 $2Trx $#Böhmen $#Bohemia $#Czechy $8--Trx--Čechy $x02 $9391188941 244Z/01 $2Trx $#arvustused $#recenzijos $#Reviews $#recenziók $#recenzje $#recenzie $#recenze $8--Trx--Rezensionen $x03 $9391357441 247C/01 $82080>Marburg/Lahn, Herder-Institut, Forschungsbibliothek, Bibliographieportal $9336309341
| LEADER | 00000caa a22000002c 4500 | ||
|---|---|---|---|
| 001 | 395238218 | ||
| 003 | DE-603 | ||
| 005 | 20230323083427.0 | ||
| 007 | tu | ||
| 008 | 161112s2008 xx |||| | u00||u|cze c | ||
| 035 | |a (DE-599)HEB395238218 | ||
| 040 | |a DE-603 |b ger |c DE-603 |d DE-603 | ||
| 041 | |a cze | ||
| 082 | 0 | 4 | |8 1\u |a 900.94371 |q DE-101 |2 23/BSB |
| 084 | |a OST |q DE-12 |2 fid | ||
| 085 | |8 1\u |b 900 | ||
| 085 | |8 1\u |z 2 |s 4371 | ||
| 100 | 1 | |a Břečka, Jan | |
| 245 | 0 | 0 | |a Zlato se čistí v ohni. - Praha |b Návrat Domů. - 2008 [Rezension] |
| 264 | 0 | |c 2008 | |
| 773 | 0 | 8 | |i In |t Jižní Morava |d Mikulov : Státní okresní archiv Břeclav se sídlem v Mikulově, 1966- |x 0449-0436 |g Band 44, Heft 27 (2008), Seite 260-262 |w (DE-603)048246115 |w (DE-600)958925-9 |
| 787 | 0 | 8 | |i Rezension von |t Zlato se čistí v ohni |b 1. vyd. |d Praha : Návrat Domů, 2008 |h 146 S., Ill. |z 9788072551767 |z 8072551760 |w (DE-603)265648858 |
| 924 | 0 | |9 2080 |a (DE-603)791575659 |b DE-2080 |c HES |d d |g / | |


